000 00722cam a2200241 a 4500
001 15196311
005 20180226035017.0
008 080227s2008 nyuak 001 0 eng
010 _a 2008009076
020 _a0735570337
040 _aDLC
_cDLC
_dDLC
041 _aeng
043 _an-us---
080 _a347.735 JOS
082 0 0 _a347.735 JOS
_222
100 1 _a14
101 _aJUR
245 1 0 _aCivil procedure :
_cJoseph W. Glannon.
504 _aIncludes index.
906 _a7
_bcbc
_corignew
_d1
_eecip
_f20
_gy-gencatlg
942 _2ddc
_cBK
999 _c43404
_d43404